| 000 | 00620nam a2200253Ia 4500 | ||
|---|---|---|---|
| 005 | 20260123172723.0 | ||
| 008 | 008 260114s9999 xx 000 0 eng d | ||
| 020 | _a9780750314886 | ||
| 037 | _aEBOOK | ||
| 040 | _aCRL | ||
| 040 | _beng | ||
| 040 | _cCRL | ||
| 041 | _2eng | ||
| 041 | _aeng | ||
| 084 | _qCRL | ||
| 100 |
_aFaulkner, J S _91107160 |
||
| 245 | 0 | _aMultiple Scattering Theory: Electronic structure of solids | |
| 260 | _bInstitute of Physics | ||
| 260 | _c2018 | ||
| 856 | _uhttps://dx.doi.org/10.1088/2053-2563/aae7d8 | ||
| 942 | _cEBOOK | ||
| 999 |
_c1672269 _d1672269 |
||